Catalog

Record Details

Catalog Search



Churchill's D-Day : the British bulldog's fateful ... Read More

Available copies

  • 1 of 1 copy available at LARL/NWRL Consortium. (Show)
  • 1 of 1 copy available at Northwest Regional Library.

Current holds

0 current holds with 1 total copy.

Show Only Available Copies
Location Call Number / Copy Notes Barcode Shelving Location Status Due Date
Warroad Public Library 940.5421 DAN (Text) 35500006788119 Main Available -

Record details

  • ISBN: 9781635769593
  • ISBN: 1635769590
  • Physical Description: 343 pages illustrations, maps ; 24 cm
  • Edition: First Diversion Books edition.

Content descriptions

Bibliography, etc. Note:
Includes bibliographical references and index.
Formatted Contents Note:
Part 1. Planning. Hindsight is a wonderful thing ... Read More
Summary, etc.:
Richard Dannatt and Allen Packwood analyze Sir ... Read More
Subject: Churchill, Winston, 1871-1947 > Military leadership.
World War, 1939-1945 > Campaigns > France > Normandy.
LDR 02146cam a2200409 i 4500
001438167
003LARL_NWRL_CONSORTIUM
00520240523182254.0
008240515t20242024nyuab b 001 0deng d
020 . ‡a9781635769593 ‡q(hardcover)
020 . ‡a1635769590 ‡q(hardcover)
035 . ‡a(OCoLC)1433997801
040 . ‡aJCX ‡beng ‡erda ‡cJCX ‡dGZD
08204. ‡a940.5421421 ‡223/eng/20240517
092 . ‡a940.5421421 ‡bD1882
1001 . ‡aDannatt, Richard, ‡d1950- ‡eauthor.
24510. ‡aChurchill's D-Day : ‡bthe British bulldog's fateful hours during the Normandy invasion / ‡cRichard Dannatt and Allen Packwood.
24630. ‡aBritish bulldog's fateful hours during the Normandy invasion
250 . ‡aFirst Diversion Books edition.
264 1. ‡aNew York : Diversion Books, ‡c2024.
264 4. ‡c©2024
300 . ‡a343 pages ‡billustrations, maps ; ‡c24 cm
336 . ‡atext ‡btxt ‡2rdacontent
336 . ‡astill image ‡bsti ‡2rdacontent
336 . ‡acartographic image ‡bcri ‡2rdacontent
337 . ‡aunmediated ‡bn ‡2rdamedia
338 . ‡avolume ‡bnc ‡2rdacarrier
340 . ‡gmonochrome ‡2rdacc
340 . ‡pillustration ‡2rdaill
340 . ‡pmap ‡2rdaill
504 . ‡aIncludes bibliographical references and index.
5050 . ‡aPart 1. Planning. Hindsight is a wonderful thing -- Dealing with defeat -- Arguments with allies -- Preconditions of success -- Bodyguard of lies -- Mulberries and gooseberries -- Part 2. Execution and aftermath. Lockdown -- Bombing civilians -- On the eve -- Storming ashore -- Tyranny of overlord -- Legacies.
520 . ‡aRichard Dannatt and Allen Packwood analyze Sir Winston Churchill's emotional turmoil and epic decision-making before, during, and after the world-defining action of D-Day. Culled from the official Churchill Papers at the Churchill Archives Centre, the book features historical documents, letters, and more, for a Churchillian experience of D-Day leadership, military strategy, and humanity.
60010. ‡aChurchill, Winston, ‡d1871-1947 ‡xMilitary leadership.
650 0. ‡aWorld War, 1939-1945 ‡xCampaigns ‡zFrance ‡zNormandy. ‡0(LARL_NWRL_CONSORTIUM)34921
7001 . ‡aPackwood, Allen, ‡eauthor.
901 . ‡a438167 ‡bAUTOGEN ‡c438167 ‡tbiblio

Additional Resources